Comunicación escrita
Salvato in:
| Autori principali: | , |
|---|---|
| Natura: | Libro |
| Lingua: | spagnolo |
| Pubblicazione: |
Ciudad de México
Trillas
1978
|
| Serie: | Cursos básicos para formación de profesores. Area de lenguaje y comunicación, 3
|
| Soggetti: | |
| Tags: |
Aggiungi Tag
Nessun Tag, puoi essere il primo ad aggiungerne!!
|
MARC
| LEADER | 00000nam a2200000 a 4500 | ||
|---|---|---|---|
| 001 | UCZ0032 | ||
| 003 | CL-VaPUC | ||
| 008 | 950724e19780100MX |||||||||||||||||spa|d | ||
| 082 | 0 | 4 | |a 372.6 |b BAL |2 21 |
| 100 | 0 | |a Balmes Zúñiga, Zoila |e author |9 342603 | |
| 700 | 0 | |a González de López, Gracia |e author |9 342604 | |
| 245 | 1 | 0 | |a Comunicación escrita |
| 300 | |a 114 p | ||
| 942 | |c BK | ||
| 945 | |d 19950724 00:00:00 |a cmena | ||
| 260 | |a Ciudad de México |b Trillas |c 1978 | ||
| 650 | 0 | |a Lingüística |9 265068 | |
| 650 | 0 | |a Gramática |9 270497 | |
| 650 | 0 | |a Métodos de enseñanza |9 270413 | |
| 650 | 0 | |a Proceso de comunicación |9 332060 | |
| 650 | 0 | |a Comunicación |9 257251 | |
| 650 | 0 | |a Medios de comunicación |9 257206 | |
| 650 | 7 | |a REDACCION DE INFORMES |2 CL-VaPUC |9 342605 | |
| 583 | |a last modification |c 19950724 00:00:00 |k Rodrigo Vera | ||
| 490 | 0 | |a Cursos básicos para formación de profesores. Area de lenguaje y comunicación, 3 | |
| 999 | |c 237009 |d 237007 | ||
| 952 | |0 0 |1 0 |4 0 |6 372_600000000000000_BAL_1978 |7 0 |8 A |9 245657 |a BIBEDU |b BIBEDU |c ES_NOD |d 2019-11-18 |i 1540882 |o 372.6 BAL 1978 |p 1540882 |r 2023-08-09 |w 2019-11-18 |y BK |k EDU | ||